Word Ladder: The Old College Try Quiz Stats

 Plays Quiz Updated Jun 14, 2018

Challenge
Share
Tweet
Embed
Score 0/33 Timer 04:00
4 Plays Today
Clue 4-Letter Word % Correct
Fe, in chemistryIRON
96.8%
Cafeteria food carrierTRAY
95.3%
It can follow 'Liberty' or 'Taco'BELL
95%
Spherical object for sportsBALL
94.9%
Device used to catch or kill animalsTRAP
94.9%
House for chickensCOOP
94.2%
A thumbs-up, on FacebookLIKE
93.8%
Parasitic insects in hairLICE
93.3%
The Indy 500 or Tour de France, e.g.RACE
92.7%
Jeff Bridges 1982 video game movieTRON
92.7%
⋆ Widely consumed grain (TX school) ⋆⋆ RICE ⋆
92.6%
Partner of Chip, in Disney toonsDALE
92.4%
Hair on a horse or lionMANE
92.1%
Orion 'wears' a famous oneBELT
92.1%
⋆ City from the Iliad (AL college) ⋆⋆ TROY ⋆
91.8%
Heavy fighting club (or pepper spray)MACE
91.4%
Third GospelLUKE
91.3%
Clue 4-Letter Word % Correct
Rubbish or tripeCRAP
90.2%
Plant grown for food or fuel on a farmCROP
90.2%
Slangy plural pronoun in the SouthY'ALL
89.1%
⋆ Noble title (NC college) ⋆⋆ DUKE ⋆
88.9%
John Travolta Disney movieBOLT
87.3%
⋆ Tesla founder Musk (NC college) ⋆⋆ ELON ⋆
87%
Indianapolis NFLerCOLT
86.8%
Religious art or computer symbolICON
86.6%
⋆ Goat-like mythical beast (CT college) ⋆ ⋆ YALE ⋆
86%
'First name' of a Da Vinci masterpieceMONA
83.3%
Subject of supply and demand (abbr.)ECON.
83.3%
Black aquatic birdCOOT
83.3%
Magical power in fantasy gamesMANA
79.1%
Hamlet or Caroline Wozniacki, e.g.DANE
76.3%
Frank Herbert sci-fi classicDUNE
75.1%
⋆ Small island off of Scotland (NY college) ⋆⋆ IONA ⋆
49.2%

Today's Daily Dose

Missing Word
Podcasts A-Z

Word Ladder
Rowing

On This Day
January 22nd II

You're not logged in!

Compare scores with friends on all Sporcle quizzes.
OR
Log In

You Might Also Like...

Show Comments

Extras

Top Quizzes Today


Score Distribution

Your Account Isn't Verified!

In order to create a playlist on Sporcle, you need to verify the email address you used during registration. Go to your Sporcle Settings to finish the process.

Report this User

Report this user for behavior that violates our Community Guidelines.

Details: